000 00662nam a2200169 4500
001 3552
005 20181127171446.0
020 0 0 _a
090 0 0 _a248.7 B9274h 2001
245 0 0 _aHuman roots for young readers, Volume 2.
_b
_c
_h
260 0 0 _aBurlingame, CA:
_bBuddhist Text Translation Society, Dharma Realm Buddhist Association,
_c2003.
300 0 0 _a105 p. : col. ill. ; 26 cm.
500 0 0 _a"A collection of traditional Buddhist stories, adapted for modern youth, including tales of Buddha, his disciples, and the Bodhisattvas."
650 _aTales.
_v
_x
_y
_z
_2
650 0 0 _aBuddha and Buddhism-- Study and teaching.
_x
650 0 0 _aBuddhist stories, English.
_x
999 _c2889
_d2889